| 000 | 00913cab a2200277 4500 | ||
|---|---|---|---|
| 001 | ABS59396 | ||
| 008 | 090401t1998 xxu||||| |||| 00| 0 eng d | ||
| 035 | _a(Sirsi) u89301 | ||
| 041 | _aeng | ||
| 100 | _aPiggot, A. | ||
| 245 | _aThey think its all over | ||
| 260 | _c1998 | ||
| 350 | _a0 | ||
| 490 |
_aConstruction News _v(6587) 15 October 1998, 27(1) |
||
| 520 | _aLooks at the problem of agreeing a `full and final settlement` in contract disputes, and the difficulties that can arise when `part payment` is accepted. Also considers the associated problems of costs and latent defects. | ||
| 650 | _aCLAIMS SETTLEMENT | ||
| 650 | _aCONSTRUCTION DISPUTES | ||
| 650 | _aCONTRACT CLAIMS | ||
| 650 | _aCOSTS | ||
| 650 | _aD AND C BUILDERS V REES | ||
| 650 | _aDAMAGES | ||
| 650 | _aLATENT DEFECTS | ||
| 690 | _aBUILT ENVIRONMENT-BUILDING CONTRACT FORMS | ||
| 942 | _n0 | ||
| 948 | _c27/10/1998 | ||
| 999 |
_c56481 _d56481 |
||